[Event "Chioggia op-C 10th"]
[Site "Chioggia"]
[Date "2015.10.10"]
[Round "3"]
[White "Griguolo, Luca"]
[Black "Spinadin, Mattia"]
[Result "1-0"]
[WhiteElo "1440"]
[BlackElo "1440"]
[PlyCount "79"]
[EventDate "2015.10.09"]
[EventType "swiss"]
[EventRounds "5"]
[EventCountry "ITA"]
[SourceTitle "EXT 2022"]
[Source "ChessBase"]
[SourceDate "2021.10.06"]
[SourceVersion "1"]
[SourceVersionDate "2021.10.06"]
[SourceQuality "1"]

1. e4 e5 2. Nf3 Nc6 3. Bc4 Nf6 4. Nc3 d6 5. h3 h6 6. d3 Be7 7. 0-0 0-0 8. Nd5 Nxd5 9. Bxd5 Bd7 10. Bxc6 Bxc6 11. d4 Bf6 12. dxe5 dxe5 13. Qxd8 Raxd8 14. Re1 Bb5 15. b3 b6 16. Bb2 Rfe8 17. c4 Ba6 18. Rad1 Rxd1 19. Rxd1 Bb7 20. Rd7 Rc8 21. Bxe5 Bxe5 22. Nxe5 Bxe4 23. Rxf7 Rf8 24. Rxc7 Bb1 25. Rxa7 Re8 26. Nd7 Re7 27. Nf6+ Kf7 28. Rxe7+ Kxe7 29. Nd5+ Kd6 30. a4 Ba2 31. Nxb6 Bxb3 32. Kf1 Kc6 33. a5 Kb7 34. c5 Bc4+ 35. Nxc4 Ka6 36. c6 Ka7 37. Ne5 Kb8 38. a6 g5 39. Nd7+ Kc8 40. a7 1-0